Personnages historiques en images commençant par un U-V. - Statistiques

Statistiques générales
  • Ce quiz a été pris 779 fois
  • Le résultat moyen est 8 sur 12
Statistiques - réponses
Par images Hint Réponse % Correct
Inventeur et artiste italien-V Léonard de Vinci
97%
Reine d'Angleterre-V Victoria
96%
Penseur des Lumières-V Voltaire
93%
Chef Celte-V Vercingétorix
91%
Musicien italien-V Antonio Vivaldi
75%
Explorateur ayant donné son nom au continent américain-V Amerigo Vespucci
64%
Pape ayant prêché la 1e croisade-U Urbain II
63%
Poète français-V Paul Verlaine
62%
Militaire et architecte français-V Vauban
58%
Musicien italien-V Guiseppe Verdi
44%
Ier roi d'Italie-V Victor-Emmanuel II
30%
Poète brigand français-V François Villon
21%
Aucun quiz correspondant
Distribution des résultats
% des personnes avec chaque résultat
Percentile par nombre de réponses
Votre historique - résultats
Vous n’avez pas pris ce quiz